[Event "3rd Sat Djenovici May IM"]
[Site "Djenovici MNE"]
[Date "2018.05.24"]
[Round "6.3"]
[White "Bozanic, Ivica"]
[Black "Uysal, Burak"]
[Result "1-0"]
[WhiteTitle "FM"]
[WhiteElo "2176"]
[BlackElo "2196"]
[WhiteFideId "14501414"]
[BlackFideId "6339387"]
[EventDate "2018.05.19"]

1. e4 e5 2. Nf3 Nc6 3. Bb5 a6 4. Ba4 Nf6 5. O-O Be7 6. d3 b5 7. Bb3 d6 8. a4 Bd7
9. Nc3 Na5 10. Ba2 b4 11. Ne2 Rb8 12. c3 c5 13. Ng3 O-O 14. d4 exd4 15. cxd4 c4
16. Qe2 Rc8 17. Bd2 d5 18. Ne5 Be6 19. Rfc1 dxe4 20. Nxc4 Nxc4 21. Bxc4 Bxc4 22.
Rxc4 Rxc4 23. Qxc4 a5 24. Re1 Qd7 25. Nxe4 Qxa4 26. Nc5 Bxc5 27. dxc5 Qc6 28.
Bf4 Rc8 29. Rc1 Nd5 30. Bd6 Nc7 31. h3 Ne6 32. f4 g6 33. f5 gxf5 34. Qh4 Nf8 35.
Qg5+ Ng6 36. Qxf5 Qxg2+ 37. Kxg2 Nh4+ 38. Kf2 Nxf5 39. Rg1+ Ng7 40. Be5 Rxc5 41.
Rxg7+ Kf8 42. Bd6+ Kxg7 43. Bxc5 Kf6 44. b3 Ke5 45. Bb6 a4 46. bxa4 b3 47. Ke3
f5 48. a5 Kd5 49. Kd3 f4 50. a6 Kc6 51. Bf2 1-0

[Event "3rd Sat Djenovici May IM"]
[Site "Djenovici MNE"]
[Date "2018.05.24"]
[Round "6.4"]
[White "Sredojevic, Ivan"]
[Black "Nikac, Predrag"]
[Result "1-0"]
[WhiteTitle "IM"]
[BlackTitle "IM"]
[WhiteElo "2320"]
[BlackElo "2332"]
[WhiteFideId "929310"]
[BlackFideId "908975"]
[EventDate "2018.05.19"]

1. e4 c5 2. Nf3 Nc6 3. d4 cxd4 4. Nxd4 e5 5. Nb5 d6 6. c4 a6 7. N5c3 Nf6 8. Be2
Be7 9. Be3 Be6 10. O-O Rc8 11. Na3 O-O 12. Qd2 Kh8 13. f3 Nh5 14. Nd5 Bxd5 15.
cxd5 Nb8 16. g3 Nd7 17. Nc4 Nc5 18. Rac1 g6 19. b4 Na4 20. Bd1 b5 21. Bxa4 bxc4
22. Bc6 f5 23. exf5 gxf5 24. Rxc4 Rg8 25. Kh1 Bg5 26. Bxg5 Rxg5 27. f4 Rg4 28.
Qc2 e4 29. Qc3+ Kg8 30. Bd7 Rxc4 31. Be6+ Kf8 32. Qxc4 Kg7 33. Bxf5 Nxg3+ 34.
hxg3 Rxg3 35. Qd4+ Kh6 36. Rf2 1-0

[Event "3rd Sat Djenovici May IM"]
[Site "Djenovici MNE"]
[Date "2018.05.24"]
[Round "6.5"]
[White "Viskic, Pavisa"]
[Black "Lundin, Jan"]
[Result "1/2-1/2"]
[BlackTitle "FM"]
[WhiteElo "2176"]
[BlackElo "2315"]
[WhiteFideId "14502739"]
[BlackFideId "1706896"]
[EventDate "2018.05.19"]

1. e4 c6 2. d3 d5 3. Nd2 e5 4. Ngf3 Bd6 5. g3 Nf6 6. Bg2 O-O 7. O-O Re8 8. h3
Nbd7 9. c3 Bc7 10. Qc2 a5 11. Rd1 Qe7 12. Nf1 dxe4 13. dxe4 Nc5 14. Ne1 a4 15.
Be3 Be6 16. Nd2 Rad8 17. b4 axb3 18. Nxb3 Rxd1 19. Rxd1 Nfd7 20. Rb1 b5 21. Bf1
Na4 22. c4 bxc4 23. Bxc4 Bxh3 24. Be2 c5 25. Bb5 Ra8 26. Bc6 Ra6 27. Bb5 Ra8 28.
Bc6 1/2-1/2

[Event "3rd Sat Djenovici May IM"]
[Site "Djenovici MNE"]
[Date "2018.05.25"]
[Round "7.1"]
[White "Lundin, Jan"]
[Black "Klasan, Vladimir"]
[Result "0-1"]
[WhiteTitle "FM"]
[BlackTitle "IM"]
[WhiteElo "2315"]
[BlackElo "2384"]
[WhiteFideId "1706896"]
[BlackFideId "934054"]
[EventDate "2018.05.19"]

1. f4 d5 2. Nf3 g6 3. g3 Bg7 4. Bg2 Nf6 5. O-O O-O 6. d3 c5 7. c3 Nc6 8. Na3 b6
9. Qa4 Bb7 10. e4 Qd7 11. Qc2 dxe4 12. dxe4 Rad8 13. e5 Nd5 14. Re1 Nc7 15. Be3
Qc8 16. Ng5 Nd5 17. Bf2 h6 18. Bh3 Qb8 19. Ne6 fxe6 20. Qxg6 Nc7 21. Nc4 Kh8 22.
Ne3 Rd2 23. Nc4 Rd7 24. f5 Qe8 25. Qxe8 Rxe8 26. f6 Bf8 27. f7 Red8 28. Bg4 Bg7
29. Re3 Rf8 30. Bh5 b5 31. Na3 Nxe5 32. g4 Nxf7 33. h4 Rd2 0-1

[Event "3rd Sat Djenovici May IM"]
[Site "Djenovici MNE"]
[Date "2018.05.25"]
[Round "7.2"]
[White "Nikac, Predrag"]
[Black "Viskic, Pavisa"]
[Result "1/2-1/2"]
[WhiteTitle "IM"]
[WhiteElo "2332"]
[BlackElo "2176"]
[WhiteFideId "908975"]
[BlackFideId "14502739"]
[EventDate "2018.05.19"]

1. e4 Nf6 2. Nc3 d5 3. exd5 Nxd5 4. Nf3 g6 5. Bc4 c6 6. O-O Bg7 7. Re1 O-O 8. h3
Be6 9. Bb3 Nxc3 10. bxc3 Bxb3 11. axb3 Nd7 12. d4 h6 13. Qd3 Re8 14. Bf4 e6 15.
c4 c5 16. c3 g5 17. Bg3 Qb6 18. b4 cxb4 19. c5 Qc6 20. cxb4 Qd5 21. h4 a5 22.
hxg5 hxg5 23. Qd2 axb4 24. Rxa8 Rxa8 25. Qxb4 f6 26. Rb1 Ra7 27. Bd6 g4 28. Nd2
f5 29. Nb3 Ra2 30. Qb5 Nf6 31. Be5 g3 32. Bxg3 Ne4 33. Qe8+ Kh7 34. Qh5+ Kg8 35.
Qg6 Kf8 36. Bh4 Nc3 37. Bf6 Bxf6 38. Qxf6+ Ke8 39. Re1 Ne2+ 40. Kf1 Qxb3 41. Qe5
Qc4 42. d5 Ng3+ 43. Kg1 Ne2+ 1/2-1/2

[Event "3rd Sat Djenovici May IM"]
[Site "Djenovici MNE"]
[Date "2018.05.25"]
[Round "7.3"]
[White "Uysal, Burak"]
[Black "Sredojevic, Ivan"]
[Result "0-1"]
[BlackTitle "IM"]
[WhiteElo "2196"]
[BlackElo "2320"]
[WhiteFideId "6339387"]
[BlackFideId "929310"]
[EventDate "2018.05.19"]

1. e4 c5 2. Nf3 e6 3. Nc3 Nc6 4. d4 cxd4 5. Nxd4 Qc7 6. Be3 Nf6 7. Qf3 a6 8.
O-O-O Be7 9. g4 Ne5 10. Qg3 Nfxg4 11. f4 Nxe3 12. Qxe3 Ng4 13. Qf3 h5 14. h3 Nh6
15. e5 d6 16. Bb5+ Kf8 17. Ba4 dxe5 18. fxe5 g6 19. Rhg1 Kg7 20. Qxh5 Nf5 21.
Nxf5+ exf5 22. Qe2 Be6 23. Nd5 Bxd5 24. Rxd5 Rxh3 25. Kb1 Rah8 26. e6 Qb6 27.
Rgd1 Re3 28. Qd2 Qxe6 29. Bb3 Qe4 30. Rd4 Qe5 31. Rd5 Qe4 32. Rd4 Rh2 33. Qa5
Qxd4 0-1

[Event "3rd Sat Djenovici May IM"]
[Site "Djenovici MNE"]
[Date "2018.05.25"]
[Round "7.4"]
[White "Peng, Shunkai"]
[Black "Bozanic, Ivica"]
[Result "1-0"]
[WhiteTitle "FM"]
[BlackTitle "FM"]
[WhiteElo "2203"]
[BlackElo "2176"]
[WhiteFideId "8614601"]
[BlackFideId "14501414"]
[EventDate "2018.05.19"]

1. e4 e5 2. Nf3 Nc6 3. Bb5 a6 4. Ba4 Nf6 5. d3 b5 6. Bb3 Be7 7. O-O O-O 8. a3 d5
9. exd5 Nxd5 10. h3 Nd4 11. Ba2 Nf4 12. Re1 Bb7 13. Nbd2 Bc5 14. Ne4 Nxf3+ 15.
Qxf3 Bd4 16. c3 Bb6 17. Bxf4 exf4 18. Qxf4 Bxe4 19. Qxe4 Qf6 20. Re2 g6 21. Rae1
Rad8 22. Bb1 Rd6 23. Qe5 Qh4 24. d4 Re6 25. Qd5 Rd8 26. Qb7 Rxe2 27. Rxe2 Qf4
28. Re3 a5 29. Ba2 Qd6 30. b4 axb4 31. axb4 Kg7 32. Re5 Qd7 33. Qe4 Rf8 34. Bb3
Qd6 35. Rxb5 Ba7 36. Ra5 Bb8 37. g3 h5 38. h4 Qd7 39. Ba4 Qh3 40. Bc6 Qg4 41.
Qxg4 hxg4 42. Kf1 Rd8 43. Ke2 Rd6 44. b5 g5 45. hxg5 Kg6 46. Ra8 Rd8 47. Kd3
Kxg5 48. Kc4 1-0

[Event "3rd Sat Djenovici May IM"]
[Site "Djenovici MNE"]
[Date "2018.05.25"]
[Round "7.5"]
[White "Bujisic, Vlastimir"]
[Black "Zherebtsova, Alexandra"]
[Result "1/2-1/2"]
[WhiteTitle "FM"]
[BlackTitle "WFM"]
[WhiteElo "2198"]
[BlackElo "2203"]
[WhiteFideId "914843"]
[BlackFideId "24129518"]
[EventDate "2018.05.19"]

1. e4 e5 2. Nf3 Nc6 3. d4 exd4 4. Nxd4 Nf6 5. Nc3 Nxe4 6. Nxe4 Qe7 7. Be2 Qxe4
8. Nb5 Bb4+ 9. c3 Ba5 10. O-O O-O 11. Bd3 Qh4 12. b4 a6 13. Nd6 cxd6 14. bxa5 d5
15. Ba3 Rd8 16. Bd6 Qh6 17. Bc7 Rf8 18. Bc2 d4 19. f4 d6 20. cxd4 Qf6 21. d5 Nd4
22. Ba4 Qe7 23. Bb6 Ne2+ 24. Kh1 Nc3 25. Qd4 Nxa4 26. Qxa4 Bd7 1/2-1/2

[Event "3rd Sat Djenovici May IM"]
[Site "Djenovici MNE"]
[Date "2018.05.26"]
[Round "8.1"]
[White "Klasan, Vladimir"]
[Black "Zherebtsova, Alexandra"]
[Result "1-0"]
[WhiteTitle "IM"]
[BlackTitle "WFM"]
[WhiteElo "2384"]
[BlackElo "2203"]
[WhiteFideId "934054"]
[BlackFideId "24129518"]
[EventDate "2018.05.19"]

1. e4 e5 2. Nf3 Nc6 3. d4 exd4 4. Nxd4 Nf6 5. Nxc6 bxc6 6. Qd4 Qe7 7. Nc3 Qc5 8.
Be3 Qxd4 9. Bxd4 Be7 10. O-O-O Bb7 11. f3 c5 12. Be5 d6 13. Bg3 O-O-O 14. Bc4
Rhf8 15. Rhe1 Nh5 16. Bf2 c6 17. Be3 Nf6 18. Bf2 Ne8 19. Bg3 Nc7 20. f4 Ne6 21.
f5 Nd4 22. Ne2 Nxe2+ 23. Bxe2 g6 24. f6 Bxf6 25. Bxd6 Bg5+ 26. Kb1 1-0

[Event "3rd Sat Djenovici May IM"]
[Site "Djenovici MNE"]
[Date "2018.05.26"]
[Round "8.2"]
[White "Bozanic, Ivica"]
[Black "Bujisic, Vlastimir"]
[Result "1/2-1/2"]
[WhiteTitle "FM"]
[BlackTitle "FM"]
[WhiteElo "2176"]
[BlackElo "2198"]
[WhiteFideId "14501414"]
[BlackFideId "914843"]
[EventDate "2018.05.19"]

1. e4 e5 2. Nf3 Nf6 3. d4 exd4 4. e5 Ne4 5. Qxd4 d5 6. exd6 Nxd6 7. Nc3 Nc6 8.
Qf4 g6 9. Bd2 Bg7 10. O-O-O O-O 11. h4 h6 12. Nb5 a6 13. Nxd6 cxd6 14. Be3 1/2-1/2

[Event "3rd Sat Djenovici May IM"]
[Site "Djenovici MNE"]
[Date "2018.05.26"]
[Round "8.3"]
[White "Sredojevic, Ivan"]
[Black "Peng, Shunkai"]
[Result "0-1"]
[WhiteTitle "IM"]
[BlackTitle "FM"]
[WhiteElo "2320"]
[BlackElo "2203"]
[WhiteFideId "929310"]
[BlackFideId "8614601"]
[EventDate "2018.05.19"]

1. e4 c5 2. Nf3 d6 3. d4 cxd4 4. Nxd4 Nf6 5. Nc3 a6 6. f3 e5 7. Nb3 Be6 8. Be3
h5 9. Qd2 Nbd7 10. O-O-O Rc8 11. Kb1 Be7 12. Nc1 Nb6 13. Qf2 Nc4 14. Bxc4 Rxc4
15. Nb3 O-O 16. Bb6 Qd7 17. Rd3 Rb8 18. Rhd1 Qe8 19. Na5 Rcc8 20. g3 Nd7 21. Ba7
Ra8 22. Be3 Rab8 23. Ba7 Ra8 24. Nd5 Bxd5 25. Rxd5 Nf6 26. R5d3 Qb5 27. Bb6 Bd8
28. Bxd8 Rxd8 29. Qd2 b6 30. Nb7 d5 31. Nxd8 Rxd8 32. exd5 e4 33. fxe4 Nxe4 34.
Qe2 Nc3+ 0-1

[Event "3rd Sat Djenovici May IM"]
[Site "Djenovici MNE"]
[Date "2018.05.26"]
[Round "8.4"]
[White "Viskic, Pavisa"]
[Black "Uysal, Burak"]
[Result "1-0"]
[WhiteElo "2176"]
[BlackElo "2196"]
[WhiteFideId "14502739"]
[BlackFideId "6339387"]
[EventDate "2018.05.19"]

1. Nf3 d5 2. g3 Bg4 3. Bg2 Nd7 4. c4 dxc4 5. Na3 c6 6. Nxc4 Ngf6 7. O-O Bxf3 8.
Bxf3 e5 9. d4 e4 10. Bg2 Nb6 11. Nd2 Qe7 12. e3 O-O-O 13. Qc2 Re8 14. a3 h5 15.
b4 Kb8 16. a4 h4 17. a5 Nbd5 18. Ba3 hxg3 19. hxg3 Qe6 20. a6 b5 21. Rab1 Kc8
22. Rfc1 Kd7 23. Nb3 Ng4 24. Na5 Rh6 25. Nxc6 Qxc6 26. Qe2 Qe6 27. Qxb5+ Ke7 28.
Qb7+ Kf6 29. Rc6 Bd6 30. b5 Rd8 31. Qxa7 Qf5 32. Rb2 Kg5 33. Bxd6 Rhxd6 34. Rxd6
Rxd6 35. Qc5 Rd8 36. b6 Qh7 37. b7 f5 38. Qxd5 Rxd5 39. b8=Q Qh2+ 40. Kf1 Nf6
41. a7 Qh5 42. Rb1 Ra5 43. a8=Q Rxa8 44. Qxa8 Qf7 45. Kg1 g6 46. Qb8 Nh5 47.
Qd8+ Kh6 48. d5 Nf6 49. d6 g5 50. Qe7 Qg6 51. d7 Nxd7 52. Qxd7 Kh5 53. Rd1 Kg4
54. Bxe4 Kh3 55. Bxf5+ g4 56. Bxg4+ 1-0

[Event "3rd Sat Djenovici May IM"]
[Site "Djenovici MNE"]
[Date "2018.05.26"]
[Round "8.5"]
[White "Lundin, Jan"]
[Black "Nikac, Predrag"]
[Result "0-1"]
[WhiteTitle "FM"]
[BlackTitle "IM"]
[WhiteElo "2315"]
[BlackElo "2332"]
[WhiteFideId "1706896"]
[BlackFideId "908975"]
[EventDate "2018.05.19"]

1. e4 c5 2. Nf3 Nc6 3. Bb5 g6 4. Bxc6 bxc6 5. O-O Bg7 6. Re1 Nf6 7. d3 O-O 8. c4
Rb8 9. Nc3 d6 10. h3 e5 11. Qa4 Qc7 12. a3 Nh5 13. b4 Nf4 14. Qc2 cxb4 15. axb4
Rxb4 16. Be3 a5 17. Nd2 f5 18. f3 Qe7 19. Kh1 Qh4 20. Nf1 Be6 21. Red1 fxe4 22.
Nxe4 d5 23. Nc5 Bf5 24. Qd2 Nxg2 25. Qxg2 Bxh3 26. Qg5 Qxg5 27. Bxg5 Rxf3 28.
cxd5 cxd5 29. Nd2 Rf5 30. Be3 Rh4 31. Kh2 Bf1+ 32. Kg3 Rh3+ 33. Kg4 h5# 0-1

[Event "3rd Sat Djenovici May IM"]
[Site "Djenovici MNE"]
[Date "2018.05.27"]
[Round "9.2"]
[White "Uysal, Burak"]
[Black "Lundin, Jan"]
[Result "1/2-1/2"]
[BlackTitle "FM"]
[WhiteElo "2196"]
[BlackElo "2315"]
[WhiteFideId "6339387"]
[BlackFideId "1706896"]
[EventDate "2018.05.19"]

1. e4 e5 2. Nf3 Nc6 3. Bb5 Nf6 4. O-O Nxe4 5. d4 Nd6 6. Bxc6 dxc6 7. dxe5 Nf5 8.
Qxd8+ Kxd8 9. Nc3 Ne7 10. h3 Ng6 11. Ne4 1/2-1/2

[Event "3rd Sat Djenovici May IM"]
[Site "Djenovici MNE"]
[Date "2018.05.27"]
[Round "9.4"]
[White "Bujisic, Vlastimir"]
[Black "Sredojevic, Ivan"]
[Result "1-0"]
[WhiteTitle "FM"]
[BlackTitle "IM"]
[WhiteElo "2198"]
[BlackElo "2320"]
[WhiteFideId "914843"]
[BlackFideId "929310"]
[EventDate "2018.05.19"]

1. e4 e5 2. Nf3 Nf6 3. Nc3 Nc6 4. d4 exd4 5. Nxd4 Nxd4 6. Qxd4 d6 7. Bg5 Be7 8.
O-O-O O-O 9. f4 a6 10. h3 b5 11. e5 Nd7 12. Bxe7 Qxe7 13. exd6 cxd6 14. Qxd6
Qxd6 15. Rxd6 Nf6 16. g4 Bb7 17. Rg1 Rad8 18. Rxd8 Rxd8 19. Bg2 Bxg2 20. Rxg2
Kf8 21. Rd2 Rc8 22. Rd6 b4 23. Nd5 Nxd5 24. Rxd5 Rc4 25. f5 Ke7 26. a3 bxa3 27.
bxa3 g6 28. Kb2 h5 29. fxg6 hxg4 30. g7 Rc8 31. Rg5 Rg8 32. Rxg4 Kf6 33. c4 Rxg7
34. Rxg7 Kxg7 35. c5 Kf6 36. c6 Ke6 37. h4 f5 38. h5 f4 39. h6 f3 40. c7 Kd7 41.
h7 f2 42. c8=Q+ Kxc8 43. h8=Q+ 1-0

[Event "3rd Sat Djenovici May IM"]
[Site "Djenovici MNE"]
[Date "2018.05.27"]
[Round "9.5"]
[White "Zherebtsova, Alexandra"]
[Black "Bozanic, Ivica"]
[Result "1/2-1/2"]
[WhiteTitle "WFM"]
[BlackTitle "FM"]
[WhiteElo "2203"]
[BlackElo "2176"]
[WhiteFideId "24129518"]
[BlackFideId "14501414"]
[EventDate "2018.05.19"]

1. d4 d6 2. Nf3 g6 3. c4 Bg7 4. Nc3 f5 5. e4 Nf6 6. exf5 gxf5 7. d5 e5 8. dxe6
Bxe6 9. Bd3 Nc6 10. O-O O-O 11. Re1 Bd7 12. Bg5 Re8 13. c5 Rxe1+ 14. Qxe1 Qf8
15. cxd6 cxd6 16. Bc4+ Kh8 17. Bf4 Re8 18. Qd1 Ne5 19. Bb3 Nxf3+ 20. Qxf3 Bc6
21. Qd1 Ne4 22. Nxe4 fxe4 23. Qxd6 Qxd6 24. Bxd6 Bxb2 25. Rd1 Kg7 26. Bc5 a5 27.
Bd4+ Bxd4 28. Rxd4 Kf6 29. Kf1 Ke5 30. Rd2 a4 31. Bc4 b5 32. Be2 b4 33. Ke1 Bd5
34. Bd1 Bc6 35. Rc2 Bd5 36. Rb2 b3 37. axb3 axb3 38. Kd2 Kd4 39. Rb1 Rb8 40. Rb2
Ra8 41. Bxb3 Rb8 42. Kc2 Rxb3 43. Rxb3 Bxb3+ 44. Kxb3 Kd3 45. h4 Ke2 46. f4 exf3
47. gxf3 Kxf3 48. h5 h6 49. Kc3 Kg4 50. Kd3 Kxh5 51. Ke2 Kg4 52. Kf1 1/2-1/2